[Event "Open Nord BDR Aix-en-Provence"]
[Site "?"]
[Date "2007.02.17"]
[Round "6"]
[White "Garcia, Robustiano"]
[Black "Derien, Robert"]
[Result "1-0"]
[WhiteElo "1700"]
[BlackElo "1879"]
[PlyCount "63"]
[EventDate "2007.??.??"]
[SourceDate "2006.10.17"]

1. d4 Nf6 2. c4 e5 3. dxe5 Ng4 4. Nf3 Nc6 5. Nc3 Bb4 6. Bf4 Qe7 7. Qd5 f6 8.
exf6 Nxf6 9. Qd3 d6 10. e3 Bg4 11. Be2 Rd8 12. O-O Ne5 13. Bxe5 dxe5 14. Qc2
O-O 15. Rad1 Bh5 16. Rxd8 Rxd8 17. Rd1 Rxd1+ 18. Nxd1 Bg6 19. Qb3 b6 20. c5+
Kf8 21. Qxb4 a5 22. Qc3 e4 23. Ne5 Be8 24. cxb6 cxb6 25. Qd4 Qc7 26. Nc3 b5 27.
a3 Qb7 28. Qc5+ Kg8 29. Nxb5 Nd7 30. Bc4+ Kh8 31. Qe7 Qc8 32. Nd6 1-0

[Event "Open Nord BDR Aix-en-Provence"]
[Site "?"]
[Date "2007.02.17"]
[Round "6"]
[White "Mallet, Bruno"]
[Black "Gomez, Jean-Luc"]
[Result "1/2-1/2"]
[WhiteElo "1630"]
[BlackElo "1640"]
[PlyCount "139"]
[EventDate "2007.??.??"]
[SourceDate "2006.10.17"]

1. d4 d5 2. c4 dxc4 3. Nf3 Nf6 4. Nc3 Bd7 5. a4 e6 6. Bg5 Be7 7. e3 c5 8. Bxc4
cxd4 9. exd4 O-O 10. O-O Bc6 11. Ne5 Qc7 12. Qb3 Nbd7 13. Nd3 Rfe8 14. Bf4 Bd6
15. Bg3 Rac8 16. Nb5 Bxb5 17. Bxb5 Bxg3 18. fxg3 Qb6 19. Nf2 Red8 20. Rfd1 a6
21. Bc4 Qxb3 22. Bxb3 Nb6 23. Rd3 Rd7 24. a5 Nbd5 25. Nd1 Rcd8 26. Rc1 Nb4 27.
Rd2 g6 28. Rc4 Nc6 29. Ba4 Rxd4 30. Rdxd4 Nxd4 31. Rc7 Rb8 32. Ne3 Kg7 33. Nc4
Nd5 34. Rd7 Kf6 35. Nd6 e5 36. Rxf7+ Ke6 37. Rxb7 Rxb7 38. Nxb7 Nc7 39. Nc5+
Kd5 40. Nb3 Kc4 41. Nd2+ Kd3 42. Nf3 e4 43. Nxd4 Kxd4 44. Kf2 Ne6 45. Bb3 Nc5
46. Bg8 h6 47. b3 Nd3+ 48. Ke2 Ne5 49. Be6 Nc6 50. Bc4 Nxa5 51. Bxa6 Nxb3 52.
Bb7 e3 53. Bf3 g5 54. g4 Nc1+ 55. Kd1 Nd3 56. g3 Ne5 57. Be2 Kc3 58. Kc1 Nd3+
59. Kd1 Nb2+ 60. Kc1 Na4 61. Bf3 Kd3 62. Kd1 Nc5 63. Be2+ Ke4 64. Kc2 Ne6 65.
Kc3 Nd4 66. Bd3+ Kd5 67. Bc4+ Ke5 68. Kd3 e2 69. Kd2 Nf3+ 70. Kxe2 1/2-1/2

[Event "Open Nord BDR Aix-en-Provence"]
[Site "?"]
[Date "2007.02.17"]
[Round "6"]
[White "Hernandez, Jean-Pierre"]
[Black "Marcou, Thomas"]
[Result "1-0"]
[WhiteElo "1730"]
[BlackElo "1270"]
[PlyCount "137"]
[EventDate "2007.??.??"]
[SourceDate "2006.10.17"]

1. d4 d5 2. Nf3 Nf6 3. Bf4 Nc6 4. Nbd2 Bf5 5. a3 e6 6. e3 Bd6 7. Bxd6 Qxd6 8.
h3 O-O 9. c4 Ne4 10. c5 Qd7 11. Be2 Rfe8 12. Rc1 e5 13. Nxe5 Nxe5 14. dxe5 Rxe5
15. Nf3 Re7 16. Nd4 c6 17. Nxf5 Qxf5 18. O-O Re6 19. Bg4 Qf6 20. Bxe6 fxe6 21.
Rc2 Rf8 22. Qd4 Qg6 23. Re2 Rf3 24. Kh2 Rf5 25. Qb4 Rf7 26. a4 a6 27. a5 Qf6
28. Qd4 Qh6 29. Qe5 g5 30. Qb8+ Kg7 31. Qe5+ Kg6 32. Qxe6+ Kg7 33. Qxh6+ Kxh6
34. b4 Re7 35. Rc2 Kg6 36. g4 Kf6 37. Kg2 Ke5 38. f3 Nf6 39. Rd1 Nd7 40. Rd4
Rf7 41. Kg3 Rf6 42. Re2 h6 43. f4+ Ke6 44. h4 gxh4+ 45. Kxh4 Nf8 46. Kg3 Ng6
47. e4 Rxf4 48. exd5+ Kd7 49. dxc6+ Kxc6 50. Rxf4 Nxf4 51. Kxf4 Kb5 52. Re4 Ka4
53. Kf5 Kb5 54. Kg6 h5 55. gxh5 Kc6 56. Re6+ Kb5 57. Rb6+ Kc4 58. Rxb7 Kd5 59.
Rb6 Kc4 60. c6 Kd5 61. c7 Ke4 62. c8=Q Ke5 63. Qe6+ Kd4 64. Rd6+ Kc3 65. Qe4
Kb3 66. b5 axb5 67. Rd3+ Kc2 68. Qe2+ Kc1 69. Rd1# 1-0

[Event "Open Nord BDR Aix-en-Provence"]
[Site "?"]
[Date "2007.02.17"]
[Round "6"]
[White "Alpe, Jean-Charles"]
[Black "Desormes, Olivier"]
[Result "0-1"]
[WhiteElo "1650"]
[BlackElo "1860"]
[PlyCount "70"]
[EventDate "2007.??.??"]
[SourceDate "2006.10.17"]

1. c4 c6 2. Nf3 d5 3. cxd5 cxd5 4. d4 Nf6 5. Bf4 Nc6 6. e3 Qb6 7. b3 Bf5 8. Be2
e6 9. Nbd2 Be7 10. O-O O-O 11. Ne5 Rac8 12. Ndf3 Rfd8 13. Nxc6 bxc6 14. Bd3
Bxd3 15. Qxd3 c5 16. Rfc1 Nh5 17. dxc5 Rxc5 18. Rxc5 Qxc5 19. Be5 Bf6 20. Bd4
Bxd4 21. exd4 Qc7 22. Qd2 Rc8 23. Kf1 Nf6 24. Ke1 Ne4 25. Qb2 f6 26. g3 Qc2 27.
Rb1 Nxf2 28. Qxc2 Rxc2 29. a4 Nd3+ 30. Kd1 Rf2 31. Nd2 Rxh2 32. Kc2 Nb4+ 33.
Kc3 a5 34. Re1 Kf7 35. Nb1 Rc2# 0-1

[Event "Open Nord BDR Aix-en-Provence"]
[Site "?"]
[Date "2007.02.17"]
[Round "6"]
[White "Mengus, Michel"]
[Black "Naumann, Matthias"]
[Result "1-0"]
[WhiteElo "1680"]
[BlackElo "1700"]
[PlyCount "107"]
[EventDate "2007.??.??"]
[SourceDate "2006.10.17"]

1. d4 Nf6 2. Nf3 d5 3. e3 e6 4. Bd3 Be7 5. Nbd2 Nbd7 6. O-O b6 7. Qe2 Bb7 8. e4
dxe4 9. Nxe4 Nxe4 10. Bxe4 Bxe4 11. Qxe4 O-O 12. Bf4 Bd6 13. Ne5 Nxe5 14. dxe5
Bc5 15. Rad1 Qe8 16. Rd3 Rd8 17. Rfd1 Rxd3 18. Rxd3 Qa8 19. Qe2 Rd8 20. Rh3 Qd5
21. Rd3 Qa8 22. Kf1 Rxd3 23. Qxd3 Qd5 24. Qxd5 exd5 25. c3 b5 26. b3 a6 27. Ke2
Bb6 28. Be3 Kf8 29. Bxb6 cxb6 30. Kd3 Ke7 31. Kd4 Ke6 32. f4 g6 33. g4 h5 34.
h3 h4 35. f5+ gxf5 36. gxf5+ Kxf5 37. Kxd5 Kf4 38. Kd6 Kg3 39. Ke7 Kxh3 40.
Kxf7 Kg3 41. e6 h3 42. e7 h2 43. e8=Q h1=Q 44. Qb8+ Kg4 45. Qc8+ Kf4 46. Qc7+
Kf5 47. Qd7+ Kf4 48. Qd4+ Kf5 49. Qf6+ Kg4 50. Qd4+ Kf5 51. Qf2+ Ke5 52. Qf6+
Kd5 53. Qe6+ Kc5 54. b4# 1-0

[Event "Open Nord BDR Aix-en-Provence"]
[Site "?"]
[Date "2007.02.17"]
[Round "6"]
[White "De Albera, Pierre"]
[Black "Blondelon, Claude"]
[Result "1-0"]
[WhiteElo "1520"]
[BlackElo "1550"]
[PlyCount "103"]
[EventDate "2007.??.??"]
[SourceDate "2006.10.17"]

1. d4 Nf6 2. g3 d5 3. Bg2 Nc6 4. Nf3 e6 5. O-O Be7 6. Bd2 O-O 7. Bg5 Ne4 8.
Bxe7 Qxe7 9. Nbd2 Re8 10. c3 Nd6 11. Re1 Qf8 12. Qc2 h6 13. e3 Ne7 14. Ne5 f5
15. Ndf3 Qf6 16. Qe2 Ne4 17. Rac1 c6 18. Rc2 b6 19. Nh4 Bb7 20. Qh5 Ng5 21.
Nhg6 Nxg6 22. Nxg6 Rf8 23. Nxf8 Rxf8 24. f4 Nf7 25. Qd1 Ba6 26. b3 Kh8 27. c4
dxc4 28. bxc4 Bb7 29. c5 b5 30. Qb1 a5 31. a3 h5 32. Qd1 Nh6 33. Qxh5 Kh7 34.
Qd1 Rh8 35. e4 Kg8 36. e5 Qe7 37. Bf3 Kf8 38. Qd2 a4 39. Qa5 Ng4 40. Qa7 Qd7
41. Rd2 Nxh2 42. Qb8+ Ke7 43. Qd6+ Qxd6 44. exd6+ Kd7 45. Rxh2 Rg8 46. Rh7 Ba8
47. Bh5 Kd8 48. Rxe6 b4 49. Be2 bxa3 50. Bc4 Bb7 51. Re7 Ba6 52. Bxg8 1-0

[Event "Open Nord BDR Aix-en-Provence"]
[Site "?"]
[Date "2007.02.17"]
[Round "6"]
[White "Maggio, Stephane"]
[Black "Lucas, Jacques"]
[Result "1/2-1/2"]
[WhiteElo "1499"]
[BlackElo "1500"]
[PlyCount "120"]
[EventDate "2007.??.??"]
[SourceDate "2006.10.17"]

1. e4 d6 2. d4 Nf6 3. Bd3 g6 4. Nf3 Bg7 5. O-O O-O 6. c4 e5 7. d5 Nbd7 8. Be3
c6 9. Nbd2 cxd5 10. cxd5 Nb6 11. Rc1 Bd7 12. b3 Rc8 13. Qe2 Qe7 14. a4 Rxc1 15.
Rxc1 Rc8 16. Rxc8+ Nxc8 17. Bb5 a6 18. Bxd7 Qxd7 19. Qc4 Ng4 20. Nf1 Nxe3 21.
Nxe3 Nb6 22. Qc3 Qc8 23. Qxc8+ Nxc8 24. a5 Kf8 25. Nc4 Ke7 26. Nfd2 Bh6 27. f3
Bxd2 28. Nxd2 Kd7 29. h4 Kc7 30. Kf2 b6 31. b4 Na7 32. Nc4 bxa5 33. bxa5 Nb5
34. Kg3 Nd4 35. Kg4 f6 36. h5 Ne2 37. hxg6 hxg6 38. g3 Nd4 39. f4 f5+ 40. exf5
gxf5+ 41. Kg5 e4 42. g4 fxg4 43. Kxg4 Nc2 44. f5 e3 45. Kf3 e2 46. Kxe2 Nd4+
47. Ke3 Nxf5+ 48. Kf4 Ne7 49. Ne3 Ng6+ 50. Kg5 Ne5 51. Kf6 Kd7 52. Nc2 Nc4 53.
Nb4 Nxa5 54. Nxa6 Nc4 55. Kf7 Kc8 56. Ke7 Kb7 57. Nb4 Kb6 58. Nd3 Kc7 59. Nf2
Nb6 60. Ke6 Nc4 1/2-1/2

[Event "Open Nord BDR Aix-en-Provence"]
[Site "?"]
[Date "2007.03.17"]
[Round "6"]
[White "Brunie, Luce"]
[Black "Roux, Jean-Marie"]
[Result "1/2-1/2"]
[WhiteElo "1340"]
[BlackElo "1390"]
[PlyCount "124"]
[SourceDate "2006.10.17"]

1. e4 e5 2. f4 Nc6 3. Nf3 exf4 4. Bc4 Bc5 5. c3 Nf6 6. d4 Bb6 7. Qc2 O-O 8.
Bxf4 Re8 9. Nbd2 d5 10. Bd3 Bf5 11. Bg5 dxe4 12. Nxe4 Bxe4 13. Bxe4 Rxe4+ 14.
Kf1 Re8 15. Qf5 Qd6 16. Bf4 Qe6 17. Qg5 Qe2+ 18. Kg1 Qxb2 19. Rc1 Re2 20. h4 h6
21. Qg3 Ne4 22. Qg4 Nf2 23. Qg3 Nxh1 24. Kxh1 Rf2 25. Bxh6 g6 26. h5 Kh7 27.
Be3 Re2 28. hxg6+ fxg6 29. Qh3+ Kg7 30. Ng5 Kf8 31. Rf1+ Rf2 32. Bxf2 Qe2 33.
g3 Qh5 34. Be3+ Ke7 35. Qxh5 gxh5 36. Rf7+ Kd6 37. Bf4+ Kd5 38. Bxc7 Re8 39.
Bxb6 axb6 40. Rxb7 Re3 41. Kh2 Re2+ 42. Kh3 Rb2 43. Rh7 Rxa2 44. Rxh5 Ra3 45.
Nf3+ Kc4 46. d5 Nb8 47. d6 Rxc3 48. Ne5+ Kb5 49. d7 Nxd7 50. Nxd7+ Kc6 51. Nxb6
Kxb6 52. Kg4 Rc1 53. Rh2 Rg1 54. Kf4 Kc7 55. g4 Kd7 56. Kf5 Ke7 57. Kg5 Kf7 58.
Rh6 Kg7 59. Rg6+ Kf7 60. Rf6+ Kg7 61. Rg6+ Kf7 62. Rf6+ Kg7 1/2-1/2

[Event "Open Nord BDR Aix-en-Provence"]
[Site "?"]
[Date "2007.03.24"]
[Round "7"]
[White "Derien, Robert"]
[Black "Baquer, Marc"]
[Result "1/2-1/2"]
[WhiteElo "1879"]
[BlackElo "1800"]
[PlyCount "60"]
[SourceDate "2006.10.17"]

1. e4 e6 2. d4 d5 3. exd5 exd5 4. Bd3 Bd6 5. Ne2 Ne7 6. O-O O-O 7. Nd2 Bf5 8.
Nf3 Bxd3 9. Qxd3 c5 10. c3 Nbc6 11. Be3 c4 12. Qc2 Qd7 13. Ng3 Bxg3 14. fxg3
Qf5 15. Qf2 b5 16. a3 a5 17. Bf4 b4 18. axb4 axb4 19. Bd6 bxc3 20. bxc3 Rxa1
21. Rxa1 Qd3 22. Qd2 Qxd2 23. Nxd2 Rd8 24. Bc5 Nf5 25. Kf2 g6 26. g4 Ng7 27.
Ra6 Nb8 28. Ra8 Nc6 29. Ra6 Nb8 30. Ra8 Nc6 1/2-1/2

[Event "Open Nord BDR Aix-en-Provence"]
[Site "?"]
[Date "2007.03.24"]
[Round "7"]
[White "Desormes, Olivier"]
[Black "Larribere, Hadrien"]
[Result "0-1"]
[WhiteElo "1860"]
[BlackElo "1830"]
[PlyCount "42"]
[SourceDate "2006.10.17"]

1. d4 Nf6 2. Nf3 e6 3. Nbd2 d5 4. e3 c5 5. c3 Nc6 6. Bd3 Bd6 7. e4 dxe4 8. Nxe4
Nxe4 9. Bxe4 O-O 10. Bxc6 bxc6 11. dxc5 Bxc5 12. Qxd8 Rxd8 13. Bf4 Ba6 14. Bg3
f6 15. Rd1 e5 16. b3 Bb6 17. Rd2 c5 18. c4 Ba5 19. Ke2 Bxd2 20. Nxd2 Bb7 21. f3
a5 0-1

[Event "Open Nord BDR Aix-en-Provence"]
[Site "?"]
[Date "2007.04.01"]
[Round "7"]
[White "Garcia, Robustiano"]
[Black "Navarro, Bertrand"]
[Result "0-1"]
[WhiteElo "1700"]
[BlackElo "1650"]
[PlyCount "62"]
[EventDate "2007.??.??"]
[SourceDate "2006.10.17"]

1. d4 d6 2. c4 g6 3. Nc3 Bg7 4. e4 Nf6 5. Bg5 h6 6. Bh4 g5 7. Bg3 c5 8. d5 Qa5
9. Qd2 Nh5 10. Be2 Nxg3 11. hxg3 Nd7 12. f4 a6 13. O-O-O Rb8 14. fxg5 hxg5 15.
Rxh8+ Bxh8 16. Nf3 Bxc3 17. bxc3 Qa3+ 18. Kb1 g4 19. Ng5 Ne5 20. Rh1 b5 21.
cxb5 axb5 22. Rh8+ Kd7 23. Qc1 Qa5 24. Ka1 b4 25. Qb2 Kc7 26. cxb4 Rxb4 27. Qc2
Rd4 28. Qb1 Qc3+ 29. Qb2 Qe1+ 30. Qb1 Qxe2 31. Rh1 Rb4 0-1

[Event "Open Nord BDR Aix-en-Provence"]
[Site "?"]
[Date "2007.03.24"]
[Round "7"]
[White "Montanelli, Tristan"]
[Black "Mallet, Bruno"]
[Result "1/2-1/2"]
[WhiteElo "1690"]
[BlackElo "1630"]
[PlyCount "86"]
[EventDate "2007.??.??"]
[SourceDate "2006.10.17"]

1. f4 d5 2. Nf3 Nf6 3. c3 g6 4. d3 Bg7 5. Qc2 O-O 6. e4 c6 7. e5 Ne8 8. Be3 f6
9. d4 Bf5 10. Bd3 Bxd3 11. Qxd3 Qd7 12. Nbd2 Na6 13. O-O-O Rc8 14. Nb3 Nec7 15.
h4 Qg4 16. Rdg1 Ne6 17. Qd2 Bh6 18. Rf1 Bxf4 19. Bxf4 Qxf4 20. Qxf4 Nxf4 21. g3
Ne2+ 22. Kd2 Nxg3 23. Rfg1 Nxh1 24. Rxh1 f5 25. Rg1 Kh8 26. e6 Nc7 27. Nc5 Rf6
28. Ng5 Kg7 29. Re1 h6 30. Nh3 b6 31. Nd3 Rxe6 32. Rg1 Ne8 33. Nhf4 Nd6 34.
Nxe6+ Kf7 35. Nef4 Ne4+ 36. Ke3 g5 37. Ne5+ Kf6 38. hxg5+ hxg5 39. Nh5+ Ke6 40.
Rf1 f4+ 41. Kd3 c5 42. Ng7+ Kf6 43. Nh5+ Ke6 1/2-1/2

[Event "Open Nord BDR Aix-en-Provence"]
[Site "?"]
[Date "2007.03.24"]
[Round "7"]
[White "Gomez, Jean-Luc"]
[Black "Hernandez, Jean-Pierre"]
[Result "1-0"]
[WhiteElo "1640"]
[BlackElo "1730"]
[PlyCount "89"]
[SourceDate "2006.10.17"]

1. d4 c6 2. Nf3 d5 3. e3 Nf6 4. Bd3 Bg4 5. Nbd2 Nbd7 6. O-O e5 7. dxe5 Nxe5 8.
Be2 Nxf3+ 9. Nxf3 Bd6 10. b3 O-O 11. Bb2 Re8 12. Re1 Qe7 13. a4 a5 14. Qc1 Red8
15. c3 c5 16. Qc2 Bh5 17. Rad1 Bg6 18. Bd3 Bxd3 19. Qxd3 Qd7 20. Qe2 Rab8 21.
Rd2 b5 22. c4 d4 23. exd4 Re8 24. Qd1 Rxe1+ 25. Nxe1 Rd8 26. Nf3 Ne4 27. Re2 f5
28. d5 bxa4 29. bxa4 Qc7 30. g3 Rb8 31. Kg2 Rb4 32. Qa1 Rxc4 33. Ne5 Bxe5 34.
Bxe5 Qd7 35. f3 Nd6 36. Qb2 Rb4 37. Qc2 c4 38. Bxd6 Qxd6 39. Qxf5 Rb8 40. Re6
Qa3 41. Qe5 Rf8 42. f4 Qxa4 43. d6 Qc6+ 44. Kh3 c3 45. Re7 1-0

[Event "Open Nord BDR Aix-en-Provence"]
[Site "?"]
[Date "2007.03.24"]
[Round "7"]
[White "Marcou, Thomas"]
[Black "De Albera, Pierre"]
[Result "1-0"]
[WhiteElo "1360"]
[BlackElo "1520"]
[PlyCount "75"]
[SourceDate "2006.10.17"]

1. e4 c6 2. d4 d5 3. exd5 cxd5 4. Nc3 Nf6 5. Nf3 Bg4 6. Be2 e6 7. O-O Bb4 8.
Re1 Bxc3 9. bxc3 O-O 10. Rb1 Qc7 11. Bg5 Ne4 12. Bd2 Nd7 13. Bd3 Nxd2 14. Qxd2
Bxf3 15. gxf3 Nb6 16. Kh1 Rfc8 17. Rb3 Na4 18. Rg1 g6 19. h4 Qe7 20. Rg4 Nb6
21. h5 Nc4 22. Qh6 f5 23. Rg5 Qg7 24. Qxg7+ Kxg7 25. Rxb7+ Kh6 26. Rg2 Rcb8 27.
Re7 Rb6 28. hxg6 hxg6 29. f4 Rb1+ 30. Kh2 Rb6 31. Rg3 g5 32. Rh3+ Kg6 33. Reh7
gxf4 34. R3h6+ Kg5 35. Rh5+ Kg6 36. Kh3 Nd2 37. Be2 Ne4 38. Kh4 1-0

[Event "Open Nord BDR Aix-en-Provence"]
[Site "?"]
[Date "2007.03.24"]
[Round "7"]
[White "Alpe, Jean-Charles"]
[Black "Mengus, Michel"]
[Result "1/2-1/2"]
[WhiteElo "1650"]
[BlackElo "1680"]
[PlyCount "80"]
[SourceDate "2006.10.17"]

1. d4 d5 2. e3 c6 3. Nf3 Nf6 4. g3 Bg4 5. Bg2 Nbd7 6. O-O e5 7. dxe5 Nxe5 8.
Nbd2 Bd6 9. b3 Nxf3+ 10. Nxf3 Be5 11. Rb1 O-O 12. Qd3 Bxf3 13. Bxf3 Qc7 14. Bb2
Rfe8 15. c4 Bxb2 16. Rxb2 dxc4 17. Qxc4 Rad8 18. Qc3 Ne4 19. Bxe4 Rxe4 20. Rd2
Re6 21. Rfd1 Red6 22. Rxd6 Rxd6 23. Rxd6 Qxd6 24. f3 Qd1+ 25. Kg2 Qe2+ 26. Kh3
Qf1+ 27. Kg4 h5+ 28. Kf4 Qb5 29. Qe5 Qb4+ 30. Qe4 Qd6+ 31. Qe5 g5+ 32. Ke4 Qd8
33. f4 f6 34. Qe6+ Kg7 35. fxg5 fxg5 36. Qe5+ Kf7 37. Qf5+ Kg7 38. Qe5+ Kf7 39.
Qf5+ Kg7 40. Qe5+ Kf7 1/2-1/2

[Event "Open Nord BDR Aix-en-Provence"]
[Site "?"]
[Date "2007.03.24"]
[Round "7"]
[White "Naumann, Matthias"]
[Black "Maggio, Stephane"]
[Result "1-0"]
[WhiteElo "1699"]
[BlackElo "1499"]
[PlyCount "61"]
[SourceDate "2006.10.17"]

1. d4 d5 2. c4 c6 3. e3 Nf6 4. Nc3 Bf5 5. Nf3 Nbd7 6. cxd5 cxd5 7. Bd3 Bxd3 8.
Qxd3 e6 9. O-O Be7 10. Bd2 O-O 11. Rfc1 a6 12. Rc2 b5 13. Rac1 Rc8 14. Nxd5
Rxc2 15. Nxe7+ Qxe7 16. Rxc2 Qd6 17. Qb3 Qd5 18. Qxd5 Nxd5 19. Kf1 N7f6 20. Rc6
Ra8 21. Ne5 g6 22. f3 Kg7 23. e4 Ne7 24. Rc7 Nfg8 25. Bb4 Re8 26. Ra7 f6 27.
Nc6 Kf7 28. d5 Rc8 29. Nxe7 Nxe7 30. Rxe7+ Kg8 31. d6 1-0

[Event "Open Nord BDR Aix-en-Provence"]
[Site "?"]
[Date "2007.03.24"]
[Round "7"]
[White "Blondelon, Claude"]
[Black "Brunie, Luce"]
[Result "1/2-1/2"]
[WhiteElo "1550"]
[BlackElo "1340"]
[PlyCount "71"]
[SourceDate "2006.10.17"]

1. d4 e6 2. c4 f5 3. Nf3 Nf6 4. Nc3 c6 5. e3 d5 6. Be2 Be7 7. O-O O-O 8. Ne5 b6
9. cxd5 exd5 10. Nd3 Qc7 11. Nf4 Bd6 12. g3 Nbd7 13. Bd2 Ne4 14. Nxe4 fxe4 15.
Ne6 Qb8 16. Nxf8 Nxf8 17. f3 Bh3 18. fxe4 Bxg3 19. Rf3 Bxh2+ 20. Kh1 Be6 21.
Rxf8+ Qxf8 22. Kxh2 Qf2+ 23. Kh1 Qh4+ 24. Kg1 Qxe4 25. Qf1 Rf8 26. Qg2 Qc2 27.
Bc1 Bf5 28. Bf3 Qd3 29. Qe2 Bg6 30. b3 Qf5 31. Kg2 Qg5+ 32. Bg4 Be4+ 33. Kh3
Qh6+ 34. Kg3 Qg5 35. Kh3 Qh6+ 36. Kg3 1/2-1/2

[Event "Open Nord BDR Aix-en-Provence"]
[Site "?"]
[Date "2007.03.24"]
[Round "7"]
[White "Lucas, Jacques"]
[Black "Roux, Jean-Marie"]
[Result "0-1"]
[WhiteElo "1500"]
[BlackElo "1390"]
[PlyCount "81"]
[SourceDate "2006.10.17"]

1. Nf3 d5 2. d4 Nf6 3. Bf4 Nc6 4. c4 Bf5 5. Nc3 Nb4 6. Qa4+ Nc6 7. e3 e6 8. a3
Bd6 9. Bxd6 Qxd6 10. Ne5 O-O 11. c5 Qe7 12. Nxc6 bxc6 13. Qxc6 Ne4 14. Nxe4
Bxe4 15. f3 Bf5 16. Be2 Qh4+ 17. g3 Qh3 18. Bf1 Qh6 19. Kf2 Rac8 20. b4 Qf6 21.
Qa6 Be4 22. Qe2 Rfe8 23. Rd1 c6 24. Bg2 Bg6 25. h4 Bh5 26. Kg1 e5 27. g4 Bxg4
28. fxg4 exd4 29. Rxd4 Qxd4 30. exd4 Rxe2 31. Rh3 Rce8 32. Rf3 R2e4 33. Rd3
Rxg4 34. a4 Re2 35. b5 Rexg2+ 36. Kf1 cxb5 37. axb5 Rb2 38. Re3 Rb1+ 39. Re1
Rxe1+ 40. Kxe1 Kf8 41. Kd1 {Problème de notation} 0-1

[Event "Open Nord BDR Aix-en-Provence"]
[Site "?"]
[Date "2007.04.07"]
[Round "8"]
[White "Baquer, Marc"]
[Black "Gomez, Jean-Luc"]
[Result "1-0"]
[WhiteElo "1800"]
[BlackElo "1640"]
[PlyCount "89"]
[SourceDate "2006.10.17"]

1. d4 d5 2. Bg5 Nf6 3. Nd2 e6 4. e3 Be7 5. Ngf3 Nbd7 6. Bd3 b6 7. c4 c5 8. O-O
Bb7 9. Rc1 O-O 10. Re1 Re8 11. Qb3 Rc8 12. cxd5 exd5 13. Bf5 c4 14. Qc2 g6 15.
Bh3 b5 16. g3 a5 17. Nh4 Nh5 18. Bxe7 Qxe7 19. Qd1 Ng7 20. f4 f5 21. Ndf3 Rc7
22. Ne5 Nxe5 23. fxe5 Ne6 24. Nf3 Kg7 25. Nh4 Rf8 26. Rf1 Kh8 27. Qe2 Bc8 28.
Bg2 Bb7 29. Rf2 Qd7 30. Qd2 a4 31. a3 Qe7 32. Nf3 Bc6 33. Ne1 Ng5 34. Nc2 Qd8
35. Nb4 Bb7 36. Rcf1 Qd7 37. g4 Ne4 38. Bxe4 dxe4 39. d5 Rc5 40. e6 Qd6 41.
gxf5 Bxd5 42. Qd4+ Kg8 43. f6 Rfc8 44. f7+ Kf8 45. Qh8+ 1-0

[Event "Open Nord BDR Aix-en-Provence"]
[Site "?"]
[Date "2007.04.09"]
[Round "8"]
[White "Larribere, Hadrien"]
[Black "Marcou, Thomas"]
[Result "1-0"]
[WhiteElo "1830"]
[BlackElo "1360"]
[PlyCount "65"]
[SourceDate "2006.10.17"]

1. Nf3 d5 2. c4 dxc4 3. Qa4+ Nc6 4. Qxc4 Nf6 5. Nc3 e5 6. d3 Be6 7. Qa4 Be7 8.
Nxe5 Qd4 9. Nxc6 Qxa4 10. Nxa4 bxc6 11. g3 Rb8 12. Bg2 Bb4+ 13. Nc3 Bd5 14. O-O
Bxg2 15. Kxg2 O-O 16. a3 Bxc3 17. bxc3 Rb3 18. c4 Re8 19. Ra2 Ng4 20. Bf4 Re7
21. a4 g6 22. a5 a6 23. h3 Nf6 24. Rc1 Nh5 25. Be3 Re5 26. Rcc2 Nf6 27. Bd4 Rf5
28. e4 Rxd3 29. exf5 Rxd4 30. fxg6 fxg6 31. Rab2 Rd8 32. Rb7 Ne8 33. Ra7 1-0

[Event "Open Nord BDR Aix-en-Provence"]
[Site "?"]
[Date "2007.04.07"]
[Round "8"]
[White "Navarro, Bertrand"]
[Black "Montanelli, Tristan"]
[Result "1/2-1/2"]
[WhiteElo "1650"]
[BlackElo "1690"]
[PlyCount "41"]
[SourceDate "2006.10.17"]

1. e4 c5 2. Nf3 Nc6 3. d4 cxd4 4. Nxd4 g6 5. Be3 Nf6 6. f3 Bg7 7. Bc4 Qa5+ 8.
Qd2 Qxd2+ 9. Nxd2 a6 10. Nxc6 dxc6 11. a3 Nd7 12. O-O-O b5 13. Ba2 c5 14. h4 h6
15. Nb3 c4 16. Nc5 Ne5 17. Rd2 O-O 18. Rhd1 f5 19. Rd8 Nc6 20. Rxf8+ Bxf8 21.
exf5 1/2-1/2

[Event "Open Nord BDR Aix-en-Provence"]
[Site "?"]
[Date "2007.04.07"]
[Round "8"]
[White "Mallet, Bruno"]
[Black "Derien, Robert"]
[Result "1-0"]
[WhiteElo "1630"]
[BlackElo "1879"]
[PlyCount "85"]
[SourceDate "2006.10.17"]

1. e4 d5 2. exd5 Nf6 3. d4 Nxd5 4. c4 Nf6 5. Nf3 Bg4 6. Qa4+ c6 7. Nbd2 Nbd7 8.
Bd3 g6 9. h3 Bf5 10. Qc2 Bxd3 11. Qxd3 Bg7 12. O-O O-O 13. Re1 e6 14. Nf1 Ne8
15. Bf4 Nb6 16. Rad1 Nf6 17. b3 Re8 18. Qd2 Nh5 19. Bh2 a5 20. g4 Nf6 21. a4
Bf8 22. Qf4 Rc8 23. Ne5 Nbd7 24. g5 Nxe5 25. dxe5 Nd7 26. Ng3 Qc7 27. Ne4 Rcd8
28. Rxd7 Rxd7 29. Nf6+ Kh8 30. Nxe8 Qd8 31. Qf6+ Qxf6 32. Nxf6 Rd3 33. Re3 Rd1+
34. Kg2 Bc5 35. Rf3 Re1 36. Rd3 Kg7 37. Rd8 Bf8 38. Bf4 c5 39. Bd2 Rd1 40. Bxa5
Rd4 41. Bb6 Rxd8 42. Bxd8 h5 43. Nd7 1-0

[Event "Open Nord BDR Aix-en-Provence"]
[Site "?"]
[Date "2007.04.07"]
[Round "8"]
[White "Hernandez, Jean-Pierre"]
[Black "Garcia, Robustiano"]
[Result "0-1"]
[WhiteElo "1730"]
[BlackElo "1700"]
[PlyCount "74"]
[SourceDate "2006.10.17"]

1. d4 Nf6 2. Nf3 g6 3. c4 Bg7 4. Nc3 O-O 5. g3 d6 6. Bg2 Nc6 7. e4 Bd7 8. O-O
Qc8 9. a3 Bh3 10. b3 Bxg2 11. Kxg2 Nd7 12. Bb2 f5 13. exf5 Rxf5 14. Nd5 e6 15.
Nf4 e5 16. dxe5 Ndxe5 17. Qd5+ Kh8 18. Nh4 Rxf4 19. f3 Rf8 20. f4 Ng4 21. Bxg7+
Kxg7 22. Qd2 Qe6 23. Rae1 Qf6 24. Nf3 Rae8 25. h3 Rxe1 26. Rxe1 Nh6 27. Ng5 Kh8
28. Re6 Qd4 29. Qe2 Qg7 30. Re4 Nd4 31. Rxd4 Qxd4 32. Ne6 Qf6 33. Nxc7 Nf5 34.
Nd5 Qf7 35. Qb2+ Kg8 36. b4 Ne7 37. Nc7 Qxc4 0-1

[Event "Open Nord BDR Aix-en-Provence"]
[Site "?"]
[Date "2007.04.07"]
[Round "8"]
[White "Mengus, Michel"]
[Black "Desormes, Olivier"]
[Result "1-0"]
[WhiteElo "1680"]
[BlackElo "1860"]
[PlyCount "57"]
[SourceDate "2006.10.17"]

1. e4 e6 2. d4 d5 3. Be3 dxe4 4. Nd2 Nf6 5. f3 exf3 6. Ngxf3 Nbd7 7. Bd3 Be7 8.
O-O O-O 9. Ne5 Nxe5 10. dxe5 Nd7 11. Bxh7+ Kxh7 12. Qh5+ Kg8 13. Rf3 f6 14. Rh3
Nxe5 15. Rf1 Bd7 16. Ne4 f5 17. Qh7+ Kf7 18. Qh5+ g6 19. Qh7+ Ke8 20. Bh6 Bb5
21. Bxf8 Bxf1 22. Bxe7 Qxe7 23. Qh8+ Qf8 24. Qxe5 Kd7 25. Rh7+ Kc6 26. Qxc7+
Kd5 27. Nc3+ Kd4 28. Rh4+ Ke3 29. Qf4# 1-0

[Event "Open Nord BDR Aix-en-Provence"]
[Site "?"]
[Date "2007.04.07"]
[Round "8"]
[White "Roux, Jean-Marie"]
[Black "Naumann, Matthias"]
[Result "1-0"]
[WhiteElo "1390"]
[BlackElo "1699"]
[PlyCount "71"]
[SourceDate "2006.10.17"]

1. e4 e6 2. d4 d5 3. exd5 exd5 4. Nf3 Bd6 5. Nc3 c6 6. Bg5 Ne7 7. Be2 O-O 8.
Qd2 Qc7 9. h3 Ng6 10. g3 Re8 11. O-O-O Bf5 12. Kb1 Nd7 13. h4 Re6 14. h5 Ngf8
15. Nh4 h6 16. Nxf5 hxg5 17. Qxg5 g6 18. hxg6 fxg6 19. Rh8+ Kf7 20. Ne3 b5 21.
Rdh1 Rb8 22. f4 Rxe3 23. Bd3 Rxd3 24. cxd3 b4 25. Nd1 b3 26. a3 Qa5 27. f5 Bxa3
28. fxg6+ Ke6 29. R1h2 Bb4 30. Re2+ Ne5 31. Qxe5+ Kd7 32. Qg7+ Kd8 33. Rxf8+
Bxf8 34. Qxf8+ Kc7 35. Re7+ Kb6 36. Qxb8+ 1-0

[Event "Open Nord BDR Aix-en-Provence"]
[Site "?"]
[Date "2007.04.07"]
[Round "8"]
[White "Brunie, Luce"]
[Black "Alpe, Jean-Charles"]
[Result "0-1"]
[WhiteElo "1340"]
[BlackElo "1650"]
[PlyCount "116"]
[SourceDate "2006.10.17"]

1. Nf3 d5 2. d4 Nf6 3. c4 e6 4. Bg5 Be7 5. e3 O-O 6. Bd3 h6 7. Bf4 b6 8. O-O
Bb7 9. Nbd2 Nbd7 10. Qc2 c5 11. Rad1 Rc8 12. Ne5 Nh5 13. Nxd7 Qxd7 14. Be5 Nf6
15. Nf3 Qd8 16. Bxf6 Bxf6 17. Ne5 cxd4 18. exd4 dxc4 19. Be4 Bd5 20. f4 Qc7 21.
Bxd5 exd5 22. Qf5 Rfd8 23. Ng4 Be7 24. Rf3 Qd7 25. Qh5 Kh7 26. f5 Qd6 27. Ne5
Qf6 28. Rg3 Qh4 29. Qf3 Qf6 30. Re1 Qd6 31. Qh5 Qf6 32. Qg4 Rg8 33. Qe2 Rce8
34. Qf3 Qd6 35. Qh5 Qf6 36. Ng4 Qxd4+ 37. Kh1 Bd6 38. Rge3 Rxe3 39. Nxe3 Bf4
40. Qh4 Bxe3 41. Qxd4 Bxd4 42. Re2 Bc5 43. h3 Rd8 44. Kh2 d4 45. Re1 d3 46. Rd1
Re8 47. Kg3 Re2 48. Kf3 Rxb2 49. g4 d2 50. Ke2 Bb4 51. a3 Ba5 52. h4 Ra2 53. g5
Rxa3 54. Rg1 Rh3 55. g6+ fxg6 56. fxg6+ Kg8 57. Rg4 Rh2+ 58. Kd1 Rh1+ 0-1